000 00611nam a2200217Ia 4500
008 101110s9999 xx 000 0 und d
041 _aMARATHI
082 _bSR28428
100 _aMurland W.H., Banahatti Rajendra., (Tr.)
245 _aAkabar te Aurangzeb (from Akabar to Aurangzeb)
260 _c2006
_bDayamand pablikeshans Pune.
300 _a407
365 _b395
520 _aMarathi
546 _aMARATHI
630 _aAkabar te Aurangzeb (from Akabar to Aurangzeb)
650 _aMarathi
655 _aMarathi
730 _aAkabar te Aurangzeb (from Akabar to Aurangzeb)
942 _cBOOK
999 _c820963
_d820960